000 00479nam a2200169Ia 4500
008 240729s9999 xx 000 0 und d
022 _a2353-737X
245 0 _aTechnical Transactions
260 _aPoland
260 _bSciendo
650 _a Engineering (General). Civil engineering (General)
650 _a Technology (General) | Technology
650 _aTechnology
856 _uhttps://doaj.org/toc/1521d0fd48594ef9ae985a0cdca51728
942 _2ddc
942 _cDOAJEJ
999 _c67546
_d67546
945 _a1
_bMadushi Gamage
_c1
_dMadushi Gamage